Slovenské špecifiká komunikácie v médiách

Slovenský mediálny trh a jeho rôznorodosť a otvorenosť k inovatívnym riešeniam komunikácie. Boom nových médií za dverami. Používanie internetu. Televízna reklama.

Gespeichert in:
Bibliographische Detailangaben
1. Verfasser: Polák, Braňo
Format: Buchkapitel
Sprache:Slowakisch
Schlagworte:
Tags: Tag hinzufügen
Keine Tags, Fügen Sie das erste Tag hinzu!

MARC

LEADER 00000naa$a2200000$$$4500
001 0056692
005 20231107122358.3
041 0 |a slo 
044 |a SK 
245 1 0 |a Slovenské špecifiká komunikácie v médiách  |c Braňo Polák 
520 |a Slovenský mediálny trh a jeho rôznorodosť a otvorenosť k inovatívnym riešeniam komunikácie. Boom nových médií za dverami. Používanie internetu. Televízna reklama. 
610 2 0 |a komunikácia 
610 2 0 |a komunikácia elektronická 
610 2 0 |a médiá 
610 2 0 |a televízia 
610 2 0 |a internet 
100 1 |a Polák, Braňo